|
|
|
|
| LEADER |
01319nam a2200265 a 4500 |
| 001 |
GR-Patra16710 |
| 008 |
040115s2003 gr e 000 0 gre d |
| 020 |
|
|
|a 9603934526
|
| 040 |
|
|
|a GrPaTEI
|b gre
|c GR-PaULI
|
| 040 |
|
|
|a GrPaTEI
|b gre
|c GR-PaULI
|
| 082 |
|
0 |
|a 155.67
|2 21
|
| 100 |
1 |
|
|a Slater, Robert
|
| 245 |
1 |
0 |
|a Γηρατειά :
|b " Θλιμμένος Χειμώνας ή Δεύτερη Άνοιξη": Η ψυχολογία της γήρανσης /
|c Robert Slater ; Μετάφραση Στέλιος Μεταξάς ; Επιστημονική επιμέλεια Μαρία Μαλικιώση-Λοϊζου.
|
| 260 |
|
|
|a Αθήνα :
|b Ελληνικά Γράμματα,
|c 2003
|
| 300 |
|
|
|a 325σ.
|
| 500 |
|
|
|a Τίτλος πρωτοτύπου: The psychology of growing old. Looking forward
|
| 504 |
|
|
|a Βιβλιογραφία: σ.295-325
|
| 650 |
|
4 |
|a Γήρας
|x Ψυχολογία
|
| 700 |
1 |
|
|a Μαλικιώση-Λοίζου, Μ.
|
| 700 |
1 |
|
|a Μεταξάς, Στέλιος
|
| 710 |
0 |
|
|a Ελληνικά Γράμματα
|
| 942 |
|
|
|2 ddc
|
| 952 |
|
|
|0 0
|1 0
|2 ddc
|4 0
|6 155_670000000000000_SLA
|7 0
|9 296334
|a LISK
|b LISK
|c BSC
|d 2021-01-17
|e 24
|f 0
|g 0.00
|l 0
|o 155.67 SLA
|p 92410021209
|r 2021-01-17 00:00:00
|t 1
|w 2021-01-17
|y BK15
|x 20040115 0 1
|x GrPaTEI
|
| 971 |
|
|
|a .b26642256
|b 15-04-20
|c 23-09-16
|
| 999 |
|
|
|c 172725
|d 172725
|